Score 0/30 Timer 10:00
0 Plays Today
Appearances Player % Correct
140Frank Lampard
97.3%
186John Terry
97.1%
123Didier Drogba
94.9%
135Petr Cech
93.2%
79Joe Cole
88.1%
89David de Gea
77.7%
81Marcus Rashford
71.7%
82Ricardo Carvalho
70.8%
71Paul Pogba
69.4%
118Nemanja Matic
68%
73Michael Essien
68%
78Juan Mata
66.7%
68Anthony Martial
65.9%
89Eden Hazard
61.4%
96Claude Makelele
56.7%
Appearances Player % Correct
67Arjen Robben
55.4%
86Branislav Ivanovic
55.4%
60Chris Smalling
52.1%
77Gary Cahill
48.3%
63Antonio Valencia
47.9%
75Paulo Ferreira
45.4%
76Willian
42.3%
73Cesar Azpilicueta
41.1%
74John Obi Mikel
40.4%
71Oscar
39.1%
63Eidur Gudjohnsen
32.7%
71Jesse Lingard
32.1%
62William Gallas
31.7%
67Ander Herrera
30%
63Ramires
28.4%
Remove Ads.
Support Sporcle.
Get the best of Sporcle when you Go Orange. This ad-free experience offers more features, more stats, and more fun while also helping to support Sporcle. Thank you for becoming a member.

You're not logged in!

Compare scores with friends on all Sporcle quizzes.
OR
Log In

Show Comments

Extras

Top Quizzes Today


Score Distribution

Your Account Isn't Verified!

In order to create a playlist on Sporcle, you need to verify the email address you used during registration. Go to your Sporcle Settings to finish the process.

Report this User

Report this user for behavior that violates our Community Guidelines.

Details: